000 00788 a2200169 4500
020 _a0749429607 (paperback)
020 _a9780749429607 (paperback)
082 0 4 _a658
090 _c4534
_d4534
100 1 _aTurner, Colin.
245 1 4 _aThe information economy /
_cColin Turner.
260 _a[S.l.] :
_bKogan Page,
_c2001.
300 _a224 p. ;
_c24 cm.
520 _aOffers business strategies designed to help businesses compete in the Internet age, discussing key issues and practical measures that must be considered. Topics covered include the rapid changes caused by IT, the use of information resources as a competitive tool, and other key information.
856 4 0 _3Amazon.com
_uhttp://www.amazon.com/exec/obidos/ASIN/0749429607/chopaconline-20
942 _aNBS
_cBK
_k339.2 TUR
999 _c346977
_d346977